000 00542nam a22001817a 4500
005 20251108173449.0
008 250721s2005 xx 000 0 ara d
082 1 4 _a658/فقي
100 1 _aالفقيه, شادي علي
245 1 0 _aالإدارة الناجحة /
264 1 _aبيروت :
_bدار نوبليس للنشر و التوزيع،
_c2005.
300 _a100 ص
490 0 _aالسلسلة الإدارية الحديثة
650 1 7 _aالإدارة
650 1 7 _aالنجاح
942 _2ddc
_cBK
999 _c104494
_d104494